000
00323nam a22001337a 4500
008
181023b xxu||||| |||| 00| 0 eng d
020
_a
\2740205264132
041
_a
eng
080
_a
910
100
_a
42
101
_a
GEO
245
_a
Earths Evolving Systrems The History Of Planet
_c
Martin.R
942
_2
udc
_c
BK
999
_c
50566
_d
50566